| 000 | 00687nam a2200241 a 4500 | ||
|---|---|---|---|
| 001 | 73895 | ||
| 003 | BD-RjUL | ||
| 005 | 20211209082447.0 | ||
| 008 | 170614s1998 enka|||| |b|| 001 0 eng d | ||
| 020 | _a0205289975 | ||
| 035 | _a(BD-RjUL)74113 | ||
| 040 |
_aBD-RjUL _beng _cBD-RjUL |
||
| 041 | _aeng | ||
| 082 |
_223 _a370.15 _bWOE 1998 |
||
| 100 | 1 |
_aWoolfolk, Anita E. _9218856 |
|
| 245 | 1 | 0 |
_aEducational psychology / _cAnita E. Woolfolk |
| 250 | _a7th ed. | ||
| 260 |
_aLondon : _bAllyn and Bacon, _cc1998 |
||
| 300 |
_axxiv, 593 p. : _bill. ; _c24 cm. |
||
| 504 | _aIncludes bibliography and index. | ||
| 650 |
_aEducational psychology _xTextbooks. _9218857 |
||
| 942 |
_2ddc _cBK |
||
| 999 |
_c73895 _d73895 |
||